[Event "Aarhus Festuge-B"]
[Site "Aarhus"]
[Date "2020.09.13"]
[Round "4"]
[White "Nguyen, Phong Van"]
[Black "Skov Nielsen, Kasper"]
[Result "1-0"]
[WhiteElo "1737"]
[BlackElo "1273"]
[PlyCount "83"]
[EventDate "2020.09.11"]
[EventType "swiss"]
[EventRounds "5"]
[EventCountry "DEN"]
[SourceTitle "EXT 2022"]
[Source "ChessBase"]
[SourceDate "2021.10.06"]
[SourceVersion "1"]
[SourceVersionDate "2021.10.06"]
[SourceQuality "1"]

1. d4 e6 2. Bf4 f5 3. e3 Nf6 4. Nf3 Be7 5. Bd3 0-0 6. Nbd2 d6 7. c3 Nh5 8. Qc2 Nxf4 9. exf4 Nd7 10. 0-0-0 Qe8 11. Rde1 Qf7 12. h3 Nb6 13. g4 Nd5 14. gxf5 exf5 15. Bc4 Be6 16. Qb3 c6 17. Qxb7 Nxf4 18. Bxe6 Nxe6 19. Rxe6 Qxe6 20. Re1 Qf6 21. Qxe7 Qxe7 22. Rxe7 Rfe8 23. Rxe8+ Rxe8 24. Kd1 g6 25. Nc4 Rb8 26. Kc2 Re8 27. Kd3 Rd8 28. b3 c5 29. Ng5 Rd7 30. d5 Kg7 31. Ne6+ Kf7 32. f4 Ke7 33. Na5 h6 34. h4 Kf6 35. Kc4 Re7 36. Nc6 Rxe6 37. dxe6 Kxe6 38. Nxa7 g5 39. fxg5 hxg5 40. hxg5 f4 41. Kd3 Kf5 42. Nc8 1-0